Leadership : A Critical Review and Guide.

Bibliographic Details
Main Author: Manning, Tony.
Other Authors: Robertson, Bob.
Format: eBook
Language:English
Published: Bradford : Ethics International Press Limited, 2022.
Edition:1st ed.
Subjects:
Online Access:Click to View
LEADER 01453nam a22003733i 4500
001 EBC29224496
003 MiAaPQ
005 20231204023229.0
006 m o d |
007 cr cnu||||||||
008 231204s2022 xx o ||||0 eng d
020 |a 9781871891409  |q (electronic bk.) 
035 |a (MiAaPQ)EBC29224496 
035 |a (Au-PeEL)EBL29224496 
035 |a (OCoLC)1315645424 
040 |a MiAaPQ  |b eng  |e rda  |e pn  |c MiAaPQ  |d MiAaPQ 
050 4 |a HM1261 .M355 2022 
100 1 |a Manning, Tony. 
245 1 0 |a Leadership :  |b A Critical Review and Guide. 
250 |a 1st ed. 
264 1 |a Bradford :  |b Ethics International Press Limited,  |c 2022. 
264 4 |c Ã2022. 
300 |a 1 online resource (302 pages) 
336 |a text  |b txt  |2 rdacontent 
337 |a computer  |b c  |2 rdamedia 
338 |a online resource  |b cr  |2 rdacarrier 
588 |a Description based on publisher supplied metadata and other sources. 
590 |a Electronic reproduction. Ann Arbor, Michigan : ProQuest Ebook Central, 2023. Available via World Wide Web. Access may be limited to ProQuest Ebook Central affiliated libraries.  
650 0 |a Leadership. 
655 4 |a Electronic books. 
700 1 |a Robertson, Bob. 
776 0 8 |i Print version:  |a Manning, Tony  |t Leadership  |d Bradford : Ethics International Press Limited,c2022 
797 2 |a ProQuest (Firm) 
856 4 0 |u https://ebookcentral.proquest.com/lib/matrademy/detail.action?docID=29224496  |z Click to View